Normal view
MARC view
Entry Topical Term
001 - CONTROL NUMBER
- control field: 2211
003 - CONTROL NUMBER IDENTIFIER
- control field: BD-RjUL
005 - DATE AND TIME OF LATEST TRANSACTION
- control field: 20220404094442.0
008 - FIXED-LENGTH DATA ELEMENTS
- fixed length control field: 220404|| aca||aabn | a|a d
040 ## - CATALOGING SOURCE
- Original cataloging agency: BD-RjUL
- Transcribing agency: BD-RjUL
150 ## - HEADING--TOPICAL TERM
- Topical term or geographic name entry element: مكة المكرمة
- General subdivision: زيارة
670 ## - SOURCE DATA FOUND
- Source citation: Work cat.: (BD-RjUL)79653: [Al-Fassi, Taqi Al-Din Abu Al-Tayyib Muhammad bin Ahmed ] ;; الفاسي، تقي الدين أبو الطيب محمد بن أحمد 1429-1373م مؤلف 2204, شفاء الغرام باخبار البلد الحرام ;; [shifa' algharam biakhbar albalad alharam]/